Language Quiz

Random Language or German Quiz
Score 0/134 Timer 20:00
0 Plays Today
Hint Answer % Correct
Ich binI am
100%
gutgood
89.2%
Ich habeI have
89.2%
blaueblue
89.2%
braunebrown
89.2%
blondeblond
89.2%
Haarehair
87.7%
Augeneyes
87.7%
schwarzeblack
87.7%
grosstall
87.7%
oftoften
84.6%
kleinsmall
83.1%
fantastischfantastic
81.1%
meine Familiemy family
79.2%
langelong
78.5%
rotered
78.5%
nienever
78.5%
Ich hasseI hate
78.5%
lustigfunny
76.9%
sehrvery
76.9%
aktivactive
76.9%
originelloriginal
76.9%
Muttermother
76.9%
Freundefriend
76.9%
coolcool
76.9%
in Englandin England
75.5%
kreativcreative
75.4%
Bruderbrother
75.4%
Vaterfather
75.4%
Ich liebeI love
75.4%
Jahreyear
73.8%
nettnice
73.8%
Ich trinkeI drink
73.8%
er isthe is
73.8%
sie istshe is
73.8%
Ich magI like
73.8%
Ich wohneI live
72.3%
freundlichfriendly
72.3%
sportlichsporty
72.3%
altold
72.3%
Katzecat
72.3%
Ich esseI eat
72.3%
istis
71.7%
T-shirtt-shirt
71.7%
totaltotally
70.8%
Hint Answer % Correct
kurzeshort
70.8%
Onkeluncle
70.8%
Hunddog
70.8%
Fischfish
70.8%
manchmalsometimes
69.2%
immeralways
69.2%
langweiligboring
69.2%
tollgreat
69.2%
Ich geheI go
69.2%
tollgreat
67.9%
Omagrand mother
67.7%
Pferdhorse
67.7%
nicht oftnot often
67.7%
Opagrand dad
66.2%
Tanteaunt
64.6%
faullazy
64.6%
Mausmouse
64.6%
grunegreen
64.6%
lautloud
64.6%
relativrelatively
64.2%
du bistyou are
64.2%
extremextremely
63.1%
Ich heissemy name is
63.1%
jungeyoung
63.1%
Ich seheI see
63.1%
er hathe has
63.1%
weilbecause
63.1%
klugclever
61.5%
es gibtthere is
61.5%
Tagday
58.5%
frechnasty
58.5%
Sie sindthey are
58.5%
schlankslim
56.9%
Ich kaufeI buy
56.9%
dreizehnthirteen
56.9%
Ich mussI must
56.6%
Ich kommeI come
56.6%
Stiefmutterstep mother
55.4%
Stiefsschwesterstep sister
54.7%
Wocheweek
54.7%
Schlangesnake
53.8%
halbbruderhalf brother
53.8%
wocheweek
53.8%
Nordamerikanorth america
52.8%
Geldmoney
52.8%
Hint Answer % Correct
Jeanhosejeans
52.8%
polizistpolice
52.3%
bösemean
50.8%
launischmoody
49.2%
Brilleglasses
49.2%
Ich trageI wear
47.7%
schönbeautiful
47.2%
Ich trageI wear
47.2%
Vogelbird
46.2%
kochcook
46.2%
Meerschweinschenguinea pig
44.6%
Ich bleibeI stay
44.6%
heisstcalled
44.6%
nervigannoying
43.1%
Kaninchenrabbit
41.5%
fleissighard working
40%
strengstrict
40%
haustierpet
40%
artzdoctor
40%
Lehrerteacher
35.8%
geduldigpatient
35.4%
ruhigquiet
35.4%
Hausarbeithousework
34%
spätlate
34%
Sohnson
34%
schuchternshy
33.8%
Elternparents
33.8%
lockercasual
32.3%
Ich streiteI argue
32.3%
Wohnungflat
32.3%
geborenborn
32.3%
ein Mädchena girl
32.1%
Fernsehetv
32.1%
Tochterdaughter
32.1%
die Leutepeople
32.1%
Geschenkepresents
30.8%
eine Jungea boy
30.2%
traurigsad
30.2%
alleinalone
28.3%
heiratento marry
24.5%
arbeitento work
22.6%
Sorgenworry
22.6%
rentnerinretired
20.8%
hochzeitmarriage
18.9%
Come Together.
Have Fun.
All Virtual.
We all need to come together. Play Sporcle's virtual live trivia to have fun, connect with people, and get your trivia on. Join a live hosted trivia game for your favorite pub trivia experience done virtually. If a virtual private party is more your thing, go here for details.

You're not logged in!

Compare scores with friends on all Sporcle quizzes.
OR
Log In

Sporcle TV

Today on Sporcle TV


Watch our educational content, quiz creation guides, and fun videos on Sporcle TV.

Show Comments

Extras

Created Feb 25, 2020ReportNominate
Tags:German Quiz, 2020, Family

Top Quizzes Today


Score Distribution

Paid Content

Your Account Isn't Verified!

In order to create a playlist on Sporcle, you need to verify the email address you used during registration. Go to your Sporcle Settings to finish the process.

Report this User

Report this user for behavior that violates our Community Guidelines.

Details: